[Event "Open NOR-ch"]
[Site "Oslo NOR"]
[Date "2006.04.13"]
[Round "6"]
[White "Chetverik,M"]
[Black "Brynell,S"]
[Result "0-1"]
[WhiteElo "2313"]
[BlackElo "2488"]

1.d4 d5 2.c4 dxc4 3.e4 e5 4.Nf3 exd4 5.Bxc4 Nc6 6.O-O Be6 7.Bxe6 fxe6 8.Qb3 Qd7
9.Qxb7 Rb8 10.Qa6 Nf6 11.Nbd2 Bd6 12.a3 O-O 13.b4 Ng4 14.h3 Nge5 15.Nxe5 Nxe5
16.Nc4 Nxc4 17.Qxc4 c5 18.Rd1 Qf7 19.Ra2 cxb4 20.Qxd4 Rbd8 21.Bb2 Be7  0-1

[Event "Open NOR-ch"]
[Site "Oslo NOR"]
[Date "2006.04.16"]
[Round "9"]
[White "Maes,T"]
[Black "Starostits,I"]
[Result "0-1"]
[WhiteElo "2179"]
[BlackElo "2460"]

1.d4 d5 2.c4 dxc4 3.e4 Nc6 4.Nf3 Bg4 5.Be3 Nf6 6.e5 Nd5 7.Bxc4 e6 8.O-O a6
9.Nc3 Nb6 10.Be2 Be7 11.Qd2 O-O 12.Rad1 Qe8 13.a3 Rd8 14.Qc2 Nd5 15.Ne4 f5
16.exf6 Nxf6 17.Nc5 b6 18.Nd3 Bd6 19.Nde5 Bxe5 20.Nxe5 Bxe2 21.Qxe2 a5 22.Nxc6 Qxc6
23.Bg5 Rd5 24.Bxf6 Rxf6 25.Qe3 Qd6 26.Rfe1 a4 27.g3 h5 28.Rd2 h4 29.Kg2 Rh6
30.h3 hxg3 31.fxg3 e5 32.Rf2 Qd7 33.dxe5 Qxh3+ 34.Kf3 Rh5 35.Qc3 Rf5+ 36.Ke2 Rfxe5+
37.Kf3 Rf5+ 38.Ke2 Rde5+ 39.Kd1 Qg4+ 40.Rfe2 Rd5+  0-1

[Event "XIII TCh-RUS 1st League"]
[Site "Sochi RUS"]
[Date "2006.04.23"]
[Round "4"]
[White "Tunik,G"]
[Black "Shestakov,D"]
[Result "1/2-1/2"]
[WhiteElo "2484"]
[BlackElo "2262"]

1.d4 d5 2.c4 dxc4 3.e4 b5 4.a4 c6 5.b3 Nf6 6.e5 Nd5 7.bxc4 bxc4 8.Bxc4 e6
9.Ne2 Bb4+ 10.Bd2 a5 11.Bxb4 Nxb4 12.Nbc3 O-O 13.O-O Ba6 14.Bxa6 N8xa6 15.Ne4 Nd5
16.Qd2 Nab4 17.Ra3 f5 18.exf6 Nxf6 19.Nc5 Re8 20.Qf4 Ra7 21.h3 Rae7 22.Qe5 Nd7
23.Nxd7 Rxd7 24.Rg3 Qc7 25.Qe4 Qd8 26.Rc1 Rd5 27.f4 Qf6 28.Kh2 Qf5 29.Re3 Kf7
30.Qf3 Kg8 31.Re4 Qf7 32.Qe3 Qd7 33.Ng3 Rf8 34.Rxe6 Rxd4 35.Re7 Qd6 36.Qe5 Qf6
37.Qxf6 Rxf6 38.Ra7 Rf7 39.Rxa5 Rdxf4 40.Re5 g6 41.Rc3 Rd4 42.Re4 Rxe4 43.Nxe4 Ra7
44.Nc5 Kf7 45.Rc4 Nd5 46.Nd3 Nb6 47.Rxc6 Nxa4 48.Kg3 Kg7  1/2-1/2

[Event "8th Dubai Open"]
[Site "Dubai UAE"]
[Date "2006.04.25"]
[Round "3"]
[White "Gagunashvili,M"]
[Black "Somoff,A"]
[Result "1-0"]
[WhiteElo "2560"]
[BlackElo "2256"]

1.d4 d5 2.c4 dxc4 3.e4 e5 4.Nf3 exd4 5.Bxc4 Nc6 6.O-O Bc5 7.Ng5 Nh6 8.Bxf7+ Nxf7
9.Nxf7 Kxf7 10.Qh5+ g6 11.Qxc5 Qe7 12.Qc2 Re8 13.Nd2 Nb4 14.Qd1 Kg7 15.a3 Nd3
16.Qc2 Nc5 17.b4 Ne6 18.f4 Qf7 19.f5 Ng5 20.Bb2 gxf5 21.exf5 Re2 22.Qd3 Qe8
23.Qxd4+ Kh6 24.Qh4+  1-0

[Event "WSB Masters"]
[Site "Wroclaw POL"]
[Date "2006.04.30"]
[Round "6"]
[White "Cherednichenko,S"]
[Black "Tazbir,M"]
[Result "0-1"]
[WhiteElo "2238"]
[BlackElo "2402"]

1.d4 d5 2.c4 dxc4 3.e4 Nc6 4.d5 Ne5 5.Bf4 Ng6 6.Bg3 e6 7.Bxc4 exd5 8.exd5 Bd6
9.Nc3 N8e7 10.Nge2 O-O 11.Nd4 Nf4 12.O-O Neg6 13.Qd2 Ne5 14.Bb5 Nh5 15.Ne4 Nxg3
16.fxg3 a6 17.Ba4 Ng6 18.h4 Qe7 19.Rae1 Bb4 20.Nc3 Qd6 21.h5 Ne7 22.Bc2 Qxg3
23.Re3 Qh4 24.Qd3 Qxh5 25.Ne4 Ng6 26.Bd1 Qh4 27.Nf3 Qd8 28.Nfg5 Bc5 29.Nxc5 Qxg5
30.Ne4 Qh4 31.Rg3 f5 32.Nc5 f4 33.Rgf3 Ne5 34.Qb3 Nxf3+ 35.Bxf3 Kh8 36.Ne6 Bxe6
37.dxe6 Rae8 38.Bxb7 f3 39.Bxf3 Qd4+ 40.Kh1 Rf6 41.g3 Qd2 42.Rd1 Rh6+ 43.Kg1 Qh2+
44.Kf1 Qh3+ 45.Kf2 Rhxe6 46.Rh1 Re2+ 47.Bxe2 Qxh1 48.Qc4 Qh2+ 49.Kf3 Rf8+  0-1

[Event "IV Regina Helena Marques Prol"]
[Site "Santos BRA"]
[Date "2006.05.01"]
[Round "4"]
[White "Santos,MVM"]
[Black "Bachmann,Ax"]
[Result "1/2-1/2"]
[WhiteElo "2369"]
[BlackElo "2414"]

1.d4 d5 2.c4 dxc4 3.e4 Nf6 4.e5 Nd5 5.Bxc4 Nb6 6.Bd3 Nc6 7.Be3 Nb4 8.Be4 c6
9.Nc3 Be6 10.Nge2 N6d5 11.O-O  1/2-1/2

[Event "Geller Mem"]
[Site "Moscow RUS"]
[Date "2006.05.12"]
[Round "13"]
[White "Rychagov,A"]
[Black "Afromeev,V"]
[Result "1/2-1/2"]
[WhiteElo "2542"]
[BlackElo "2558"]

1.d4 d5 2.c4 dxc4 3.e4 e5 4.Nf3 exd4 5.Bxc4 Nc6 6.O-O Be6 7.Bb5 Bc5 8.Nbd2 Ne7
9.Ng5 Qd7 10.Nxe6 Qxe6 11.Nb3 Qd6 12.Qg4 O-O 13.Bf4 Ne5 14.Qh5 f6 15.Rfd1 N7g6
16.Bg3 Bb6 17.f4 d3+ 18.Kh1 Qb4 19.Bxd3 Nxd3 20.Qd5+ Kh8 21.Qxd3 c6 22.f5 Ne5
23.Bxe5 fxe5 24.Qc2 Rad8 25.Nd2 Rd4 26.a3 Qc5 27.Qxc5 Bxc5 28.Nb3 Rxd1+ 29.Rxd1 Bb6
30.Rd7 Rd8 31.Rxd8+ Bxd8  1/2-1/2

[Event "Open"]
[Site "Salsomaggiore ITA"]
[Date "2006.05.13"]
[Round "3"]
[White "Luciani,V"]
[Black "Salvador,R"]
[Result "0-1"]
[WhiteElo "2242"]
[BlackElo "2396"]

1.d4 d5 2.c4 dxc4 3.e4 c5 4.d5 Nf6 5.Nc3 b5 6.f3 a6 7.Be3 e6 8.dxe6 Qxd1+
9.Rxd1 fxe6 10.Nge2 Nc6 11.a4 Rb8 12.axb5 axb5 13.Ng3 Ba6 14.Be2 Nd7 15.f4 b4
16.Nb1 Nd4 17.Bg4 Nf6 18.Bh3 h5 19.e5 Ng4 20.Bxg4 hxg4 21.Rc1 Be7 22.Nd2 Bh4
23.Ne4 c3 24.bxc3 Ne2 25.Kf2 Nxc1 26.Rxc1 b3 27.Nxc5 Bc4 28.Rb1 O-O 29.Kg1 Bxg3
30.hxg3 b2 31.Na4 Bb3 32.Nb6 Rxb6 33.Bxb6 Rb8 34.Rxb2 Rxb6 35.Kf2 Rb7 36.Ke3 Bd5
37.Rd2 Rc7 38.f5 Rxc3+ 39.Kf4 Rc4+ 40.Kg5 Kf7 41.Ra2 exf5 42.Kxf5 Be4+ 43.Kg5 Ke6
44.Ra7 g6 45.Kxg4 Bf5+ 46.Kf3 Kxe5 47.Re7+ Kf6 48.Ra7 Be4+ 49.Ke3 Bxg2 50.Ra5 g5
51.Rb5 Rc3+ 52.Kf2 Be4 53.Ra5 Rf3+ 54.Kg1 Rxg3+ 55.Kh2 Rg2+ 56.Kh3 g4+ 57.Kh4 Bf5
58.Ra6+ Be6 59.Rb6 Rh2+ 60.Kg3 Rh3+ 61.Kg2 Rd3 62.Rb5 Bd5+ 63.Kg1 g3 64.Rb1 Rd2
65.Rf1+ Kg5 66.Re1 Kf4  0-1

[Event "3rd All-China Games"]
[Site "Suzhou CHN"]
[Date "2006.05.20"]
[Round "2"]
[White "Xu Yuanyuan"]
[Black "Lin Ta"]
[Result "0-1"]
[WhiteElo "2405"]
[BlackElo "2386"]

1.d4 d5 2.c4 dxc4 3.e4 Nc6 4.Nf3 Bg4 5.d5 Ne5 6.Bf4 Ng6 7.Be3 e5 8.Bxc4 a6
9.Be2 Bd6 10.Nc3 Nf6 11.O-O O-O 12.Nd2 Bd7 13.Nc4 b5 14.Nxd6 cxd6 15.a3 Qe7
16.Qd2 Ng4 17.Bxg4 Bxg4 18.f3 Bd7 19.Rfc1 Rfc8 20.Ne2 Qd8 21.Qb4 Be8 22.Ng3 Ne7
23.f4 Ng6 24.f5 Nf8 25.f6 a5 26.Qd2 Rxc1+ 27.Rxc1 Qxf6 28.Bg5 Qg6 29.Nf5 Kh8
30.Be7 Bd7 31.Nxd6 h6 32.Rc7 Bg4 33.Qf2 Kg8 34.Nf5 Bxf5 35.exf5 Qg4 36.h3 Qd1+
37.Kh2 Qxd5 38.Rc5 Qe4 39.Rxb5 Nh7 40.Qg3 Qxf5 41.Rc5 Qd7 42.Qf3 Re8 43.Bd6 Qxd6  0-1

[Event "IHEM"]
[Site "Hamburg GER"]
[Date "2006.06.04"]
[Round "2"]
[White "Albers,A"]
[Black "Putzbach,G"]
[Result "0-1"]
[WhiteElo "1995"]
[BlackElo "2257"]

1.d4 d5 2.c4 dxc4 3.e4 c5 4.d5 Nf6 5.Nc3 b5 6.e5 b4 7.exf6 bxc3 8.bxc3 exf6
9.Bxc4 Bd6 10.Qe2+ Kf8 11.Nf3 h5 12.Nd2 Bf5 13.Bd3 Bxd3 14.Qxd3 Nd7 15.Nc4 Nb6
16.Be3 g6 17.Nxd6 Qxd6 18.c4 h4 19.O-O Kg7 20.a4 Nd7 21.f4 Rae8 22.Qc3 Re4
23.a5 Rhe8 24.Rfe1 Kh7 25.Rac1 f5 26.Qd2 h3 27.g3 Rb8 28.Bf2 Nf6 29.Rxe4 Nxe4
30.Qe2 Qf6 31.Qf1 Kg8 32.Rb1 Rb2 33.Rxb2 Qxb2 34.Qe1 Qc2 35.Qf1 a6 36.d6 Qd2
37.d7 Qxd7 38.Qxh3 Qa4 39.Qf1 Qxa5 40.Qd3 Qa1+ 41.Kg2 Qa2  0-1

[Event "28th Nezhmetdinov mem"]
[Site "Kazan RUS"]
[Date "2006.06.07"]
[Round "7"]
[White "Zaiatz,E"]
[Black "Chistiakova,T"]
[Result "1/2-1/2"]
[WhiteElo "2417"]
[BlackElo "2351"]

1.d4 d5 2.c4 dxc4 3.e4 Nf6 4.e5 Nd5 5.Bxc4 Nb6 6.Bb3 Nc6 7.Ne2 Bf5 8.Nbc3 e6
9.Be3 Be7 10.O-O Qd7 11.Rc1 O-O-O 12.Na4 f6 13.Nxb6+ axb6 14.Ba4 Qd5 15.Nf4 Qa5
16.Bxc6 bxc6 17.Qf3 Qb5 18.g4 fxe5 19.dxe5 g5 20.gxf5 gxf4 21.Bxf4 exf5 22.Rxc6 Rhg8+
23.Bg3 f4 24.Rfc1 Bc5 25.Rf6 fxg3 26.Qa8+ Kd7 27.Qd5+ Kc8 28.Qa8+ Kd7 29.Qd5+  1/2-1/2

[Event "2nd Festival"]
[Site "Lodi ITA"]
[Date "2006.06.09"]
[Round "7"]
[White "Luciani,V"]
[Black "Finocchiaro,G"]
[Result "1/2-1/2"]
[WhiteElo "2242"]
[BlackElo "1934"]

1.d4 d5 2.c4 dxc4 3.e4 c5 4.d5 Nf6 5.Nc3 b5 6.Nxb5 Qa5+ 7.Nc3 Nxe4 8.Bxc4 Nxc3
9.Qd2 Nd7 10.bxc3 Nb6 11.Be2 c4 12.d6 exd6 13.Bf3 d5 14.Qe3+ Be7 15.Ne2 Bb7
16.O-O Qc5 17.Qe5 O-O 18.a4 Bf6 19.Qg3 Qa5 20.Ba3 Rfe8 21.Bb4 Qa6 22.a5 Nd7
23.Rfd1 Be5 24.Qh3 Nf6 25.g4 Rad8 26.Qg2 Ne4 27.Nd4 Ng5 28.h4 Nxf3+ 29.Qxf3 Qf6
30.Qxf6 Bxf6 31.a6 Ba8 32.g5 Bxd4 33.Rxd4 Re6 34.Ra5  1/2-1/2

[Event "Masters"]
[Site "Las Vegas USA"]
[Date "2006.06.13"]
[Round "8"]
[White "Ippolito,D"]
[Black "Savage,B"]
[Result "1/2-1/2"]
[WhiteElo "2413"]
[BlackElo "2310"]

1.d4 d5 2.c4 dxc4 3.e4 e5 4.Nf3 exd4 5.Bxc4 Nc6 6.O-O Be6 7.Bxe6 fxe6 8.Qb3 Qd7
9.Qxb7 Rb8 10.Qa6 Bd6 11.Nbd2 Nf6 12.Qd3 O-O 13.h3 e5 14.a3 Nh5 15.Nc4 Qe6
16.Ng5 Qd7 17.Qe2 Nf4 18.Bxf4 Rxf4 19.Rac1 Be7 20.Nf3 Qe6 21.b4 g5 22.Ne1 Rh4
23.f3 h5 24.Nb2 g4 25.Qc4 Nd8 26.Nbd3 gxf3 27.Nxf3 Rxe4 28.Ndxe5 Qxc4 29.Rxc4 Rb5
30.Rxc7 Rbxe5 31.Nxe5 Rxe5 32.Rxa7 Bg5 33.Rd7 Ne6 34.a4 Nf4 35.g3 Nd3 36.b5 Re2
37.b6 Nc5 38.Rc7 Be3+ 39.Kh1 Ne4 40.Rg1 d3 41.b7 Ba7 42.b8=Q+ Bxb8 43.Rc8+ Kh7
44.Rxb8 d2 45.Rd8 Nf2+ 46.Kg2 d1=Q 47.Rgxd1 Nxd1+ 48.Kf1 Nc3 49.Rd3 Rc2 50.Rd7+ Kg6
51.Rc7 Kf5 52.Rc4 Nd5 53.g4+ hxg4 54.hxg4+ Kg5 55.Rxc2 Ne3+ 56.Ke2 Nxc2 57.a5 Nb4
58.Kd2 Kxg4 59.Kc3 Nc6 60.a6 Kf5 61.Kc4 Ke6 62.Kc5 Kd7 63.Kb6 Kd6 64.Kb7  1/2-1/2

[Event "Masters"]
[Site "Las Vegas USA"]
[Date "2006.06.14"]
[Round "9"]
[White "Vigorito,D"]
[Black "Belliard,L"]
[Result "1/2-1/2"]
[WhiteElo "2373"]
[BlackElo "2248"]

1.d4 d5 2.c4 dxc4 3.e4 e5 4.Nf3 exd4 5.Bxc4 Bb4+ 6.Nbd2 Nc6 7.O-O Qe7 8.Nb3 Bg4
9.Nbxd4 Nxd4 10.Qxd4 Bxf3 11.gxf3 Nf6 12.Bg5 Qc5 13.Qxc5 Bxc5 14.Rac1 Bb6
15.Rcd1 h6 16.Bh4 Nh5 17.Rd5 g5 18.Re5+ Kf8 19.Rd1 Re8 20.Rf5 Re7 21.Rd8+ Kg7
22.Bxg5 hxg5 23.Rxg5+ Kh6 24.Rxh5+ Kxh5 25.Rxh8+ Kg5 26.Rf8 Kf6 27.Kg2 c6
28.Rg8 Rd7 29.f4 Rd4 30.e5+ Ke7 31.Bb3 Rxf4 32.Rb8 Rxf2+ 33.Kg3 Rf5 34.Rxb7+ Ke8
35.h4 Rxe5 36.Bxf7+ Kf8 37.Bc4 Re7 38.Rb8+ Kg7 39.Rc8 c5 40.b3 Kh6 41.Rh8+ Kg7
42.Rg8+ Kh7 43.Kf3 Re1 44.Rg4 Bd8 45.h5 Rh1 46.Bd3+ Kh6 47.Rg8 Rh3+ 48.Ke2 Bg5
49.Bf5 Rh2+ 50.Kd3 Kxh5 51.a4 Rf2 52.Be6 Rf6 53.Bd5 Rf4 54.Be4 Rf6 55.Kc4 Bd2
56.Rd8 Bb4 57.Rd7 Rf4 58.Kd5 a5 59.Rd8 Kg5 60.Re8 Rh4 61.Kc6 Kf4 62.Bd5 Rh5
63.Bc4 Re5 64.Rd8 Ke3 65.Kb5 Re7 66.Kb6 Rg7 67.Ra8 Kd4 68.Rxa5 Bxa5+ 69.Kxa5 Rg6
70.Kb5 Rh6 71.a5 Rh2 72.a6 Rh7 73.Kb6 Rh6+ 74.Kb5 Rh7 75.Be6 Re7 76.Bc8 c4
77.bxc4 Re1 78.a7 Rb1+ 79.Kc6 Ra1 80.Ba6 Rxa6+ 81.Kb7 Rxa7+ 82.Kxa7 Kxc4  1/2-1/2

[Event "National Open"]
[Site "Las Vegas USA"]
[Date "2006.06.16"]
[Round "1"]
[White "Feinstein,M"]
[Black "Golod,V"]
[Result "0-1"]
[WhiteElo "2313"]
[BlackElo "2571"]

1.d4 d5 2.c4 dxc4 3.e4 e5 4.d5 Nf6 5.Nc3 c6 6.Bxc4 b5 7.Bb3 b4 8.dxc6 bxc3
9.Bxf7+ Ke7 10.Qb3 Qb6 11.Bd5 Qxb3 12.axb3 Kd6 13.bxc3 Nxd5 14.exd5 Kxd5
15.c7 Nc6 16.b4 Bd6 17.b5 Ne7 18.Ra5 Ke6 19.Be3 Nd5 20.Rxa7 Rxa7 21.Bxa7 Nxc3
22.b6 Bb7 23.Ne2 Nb5 24.O-O Nxa7 25.bxa7 Ra8 26.Rc1 Bc8 27.Nc3 Rxa7 28.Nb5 Rb7  0-1

[Event "35th TCh-GRE"]
[Site "Ermioni GRE"]
[Date "2006.07.03"]
[Round "1"]
[White "Tsiamis,K"]
[Black "Mastrokoukos,G"]
[Result "1/2-1/2"]
[WhiteElo "2299"]
[BlackElo "2324"]

1.d4 d5 2.c4 dxc4 3.e4 e5 4.Nf3 exd4 5.Bxc4 Bb4+ 6.Nbd2 Nc6 7.O-O Nf6 8.a3 Be7
9.h3 O-O 10.b4 Nd7 11.Bb2 Nde5 12.b5 Nxc4 13.Nxc4 Nb8  1/2-1/2

[Event "34th World Open"]
[Site "Philadelphia USA"]
[Date "2006.07.03"]
[Round "7"]
[White "Stocek,J"]
[Black "Lapshun,Y"]
[Result "1-0"]
[WhiteElo "2565"]
[BlackElo "2452"]

1.d4 d5 2.c4 dxc4 3.e4 e5 4.Nf3 exd4 5.Bxc4 Nc6 6.O-O Be6 7.Bb5 Bc5 8.Nbd2 a6
9.Bxc6+ bxc6 10.Qc2 Bb6 11.Qxc6+ Bd7 12.Qc2 c5 13.Nc4 Bb5 14.a4 Bxc4 15.Qxc4 Ne7
16.a5 Ba7 17.Qxa6 O-O 18.Bg5 Qd6 19.Bxe7 Qxe7 20.Qd3 Rab8 21.b3 Qe6 22.Nd2 f5
23.exf5 Qxf5 24.Qxf5 Rxf5 25.Rfe1 Kf8 26.Kf1 g5 27.Ra2 d3 28.Rb1 g4 29.Nc4 h5
30.Rab2 Rb4 31.g3 Rd5 32.Re1 Rb8 33.Re3 Rbd8 34.Rd2 Kg7 35.Nb2 c4 36.bxc4 Rxa5
37.Rexd3 Rxd3 38.Nxd3 Ra1+ 39.Ke2 Ra6 40.c5 Re6+ 41.Kd1 Rc6 42.Nb4 Rc7 43.c6  1-0

[Event "ch-CHN"]
[Site "Wuxi CHN"]
[Date "2006.07.03"]
[Round "8"]
[White "Zhao Jun"]
[Black "Zhou Jianchao"]
[Result "1/2-1/2"]
[WhiteElo "2525"]
[BlackElo "2525"]

1.d4 d5 2.c4 dxc4 3.e4 e5 4.Nf3 exd4 5.Qxd4 Nc6 6.Qxd8+ Nxd8 7.Bxc4 Bb4+
8.Ke2 Ne7 9.a3 Ba5 10.b4 Bb6 11.Bb2 O-O 12.Nbd2 Be6 13.Rhd1 f5 14.Ng5 Bxc4+
15.Nxc4 h6 16.Rd7 Re8 17.Nxb6 axb6 18.Nf3 Ne6 19.exf5 Nxf5 20.Kf1 Rad8 21.Rxd8 Rxd8
22.Re1 Re8 23.Be5 Ne7 24.Nd4 Nxd4 25.Bxd4 Kf7 26.g4 g6 27.Be3 Rh8 28.Rd1 Ke6
29.Re1 Kf7 30.Rd1 Ke6  1/2-1/2

[Event "II Balazs-Diak Cup U-18"]
[Site "Balatonlelle HUN"]
[Date "2006.07.04"]
[Round "4"]
[White "Samu,G jr"]
[Black "Tamas,M"]
[Result "1-0"]
[WhiteElo "2173"]
[BlackElo "2043"]

1.d4 d5 2.c4 dxc4 3.e4 Nf6 4.e5 Nd5 5.Bxc4 Nb6 6.Bb3 Nc6 7.Ne2 Bg4 8.f3 Bf5
9.Nbc3 e6 10.O-O Be7 11.Be3 Nb4 12.g4 Bd3 13.f4 Qd7 14.a3 Bxe2 15.Qxe2 N4d5
16.Rac1 O-O-O 17.Nxd5 Nxd5 18.Bxd5 Qxd5 19.Qc4 c6 20.Qxd5 Rxd5 21.f5 Kd7
22.f6 gxf6 23.exf6 Bd8 24.Rc5 Rxc5 25.dxc5 e5 26.Rd1+ Kc8 27.g5 Bc7 28.Kg2 Rd8
29.Rxd8+ Bxd8 30.Kf3 Kd7 31.Kg4 Ke8 32.Kf5 Bc7 33.h4 b6 34.Bf2  1-0

[Event "21st North Sea Cup"]
[Site "Esbjerg DEN"]
[Date "2006.07.11"]
[Round "5"]
[White "Antonsen,M"]
[Black "Donchenko,A"]
[Result "1/2-1/2"]
[WhiteElo "2380"]
[BlackElo "2405"]

1.d4 d5 2.c4 dxc4 3.e4 Nc6 4.Nf3 Bg4 5.d5 Ne5 6.Bf4 Ng6 7.Be3 Nf6 8.Nc3 e5
9.Bxc4 a6 10.Be2 Bd6 11.O-O O-O 12.Nd2 Bd7 13.a3 Nf4 14.Bf3 b5 15.Nb3 Qe7
16.Rc1 Rfc8 17.Re1 Ng6 18.g3 a5 19.Qe2 a4 20.Nd2 Rab8 21.Rc2 c6 22.dxc6 Bxc6
23.Rec1 Rd8 24.Nxa4 bxa4 25.Rxc6 Rxb2 26.Qa6 Bxa3 27.Nc4 Rbb8 28.Ra1 Bb4
29.Qxa4  1/2-1/2

[Event "GM Scheveningen"]
[Site "Taiyuan CHN"]
[Date "2006.07.22"]
[Round "11"]
[White "Vescovi,G"]
[Black "Wang Hao"]
[Result "1-0"]
[WhiteElo "2619"]
[BlackElo "2610"]

1.d4 d5 2.c4 dxc4 3.e4 e5 4.Nf3 exd4 5.Bxc4 Bb4+ 6.Bd2 Bxd2+ 7.Nbxd2 Qf6
8.O-O Ne7 9.e5 Qg6 10.Nxd4 Nbc6 11.N2f3 O-O 12.e6 Bxe6 13.Nxe6 fxe6 14.Re1 Rad8
15.Rxe6 Rxd1+ 16.Rxd1 Qc2 17.Bb3 Qxd1+ 18.Bxd1 Nf5 19.Re4 Nd6 20.Bb3+ Kh8
21.Re1 g6 22.Kf1 Kg7 23.Rc1 Nf5 24.Ba4 Nfe7 25.Ng5 Rc8 26.Ne6+ Kf7 27.Nc5 Nd8
28.Bb3+ Ke8 29.Re1 h5 30.Nd3 Nc6 31.Nf4 Kf8 32.Re6 Kg7 33.Bc2 Rh8 34.Nxg6 Nxg6
35.Rxg6+ Kf7 36.Rg5 Nd4 37.Bg6+ Kf6 38.Rxh5 Rg8 39.Be4 Re8 40.f3 c6 41.Rh7  1-0

[Event "Summer Cup"]
[Site "Litohoro GRE"]
[Date "2006.07.23"]
[Round "2"]
[White "Kanakaris,G"]
[Black "Stojanovic,Mih"]
[Result "0-1"]
[WhiteElo "2119"]
[BlackElo "2549"]

1.d4 d5 2.c4 dxc4 3.e4 Nf6 4.e5 Nd5 5.Bxc4 Nc6 6.Ne2 Nb6 7.Bb3 Bf5 8.Nbc3 e6
9.a3 Qd7 10.O-O Rd8 11.Be3 Be7 12.h3 O-O 13.Ba2 Na5 14.Ng3 Bg6 15.Qe2 Nd5
16.Nxd5 exd5 17.b4 Nc6 18.Bb1 Rde8 19.f4 Bh4 20.Nh1 Bxb1 21.Raxb1 f5 22.g3 Be7
23.g4 Bh4 24.Kg2 Nd8 25.g5 Qf7 26.Qf3 Ne6 27.Rfd1 h6 28.gxh6 gxh6 29.Bf2 Bd8
30.Kh2 Kh7 31.Ng3 Ng7 32.Nf1 c6 33.Nd2 Qh5 34.Rg1 Qxf3 35.Nxf3 Ne6 36.Be3 Be7
37.Rg2 Rc8 38.Rbg1 Rg8 39.Rxg8 Rxg8 40.Rxg8 Kxg8 41.Kg3 a5 42.Bd2 Kf7 43.Kf2 axb4
44.axb4 Nc7 45.Ne1 Bh4+ 46.Ke3 Bxe1 47.Bxe1 Ne6 48.Bd2 Kg6 49.Be1 Kf7 50.Bd2 Ke7
51.Be1 Kd7 52.Bd2 Kc7 53.Kd3 Kb6 54.Kc3 Kb5 55.Be3 Ka4 56.Bc1 Nc7 57.Bd2 Ka3
58.Bc1+ Ka2 59.Bd2 Nb5+ 60.Kd3 Kb3 61.Be1 Nc7 62.Bc3 Ne6 63.Bd2 b6 64.Bc1 Kxb4
65.Bd2+ Kb3 66.Bc1 c5 67.dxc5 bxc5 68.Be3 c4+  0-1

[Event "Sunny Pawn B"]
[Site "Illichevsk UKR"]
[Date "2006.07.27"]
[Round "8"]
[White "Aliferenko,A"]
[Black "Bogdanovich,S"]
[Result "1-0"]
[WhiteElo "2246"]
[BlackElo "2190"]

1.d4 d5 2.c4 dxc4 3.e4 e5 4.d5 Nf6 5.Nc3 c6 6.Bg5 Bb4 7.Bxc4 Bxc3+ 8.bxc3 Qa5
9.Bd3 cxd5 10.Bxf6 gxf6 11.Ne2 Bd7 12.exd5 Qxd5 13.O-O Bc6 14.f3 Nd7 15.Be4 Qxd1
16.Raxd1 O-O-O 17.Ng3 Kc7 18.Nh5 Rhg8 19.Bf5 Rg5 20.g4 Rdg8 21.Kf2 Rxh5 22.gxh5 Rg5
23.Bg4 e4 24.Bxd7 Bxd7 25.fxe4 Rxh5 26.Kg3 Rg5+ 27.Kf4 Rg2 28.h4 Rxa2 29.Ke3 a5
30.Rxf6 Be6 31.Rf2 Rxf2 32.Kxf2 a4 33.Ra1 b5 34.Ke3 Kd6 35.Kd4 f6 36.h5 h6
37.Ra3 Bb3 38.Ra1 Bc4 39.Rg1 a3 40.Rg7 a2 41.Ra7 Bb3 42.Ra6+ Kc7 43.Ra7+ Kb6
44.Ra3 Kc6 45.Ra6+ Kb7 46.Ra3 Kb6 47.c4 Bxc4 48.Kc3 Kc5 49.Kb2 b4 50.Rg3 b3
51.Rg6 Kd4 52.Rxf6 Kxe4 53.Rxh6 Kf5 54.Rh8 Kf6 55.h6 Bd3 56.Rg8 Kf7 57.Rg7+ Kf8
58.Rd7 Bf5 59.h7 Bxd7 60.h8=Q+ Ke7 61.Kxb3 Be6+ 62.Kb4 Kd6 63.Qd4+ Kc6 64.Qc5+ Kd7
65.Qe5 Ke7 66.Kc5 Kf7 67.Kd6 Bb3 68.Qc3 Kg6 69.Ke5 Bc4 70.Qg3+ Kh7 71.Qg1  1-0

[Event "15th Open A"]
[Site "Vienna AUT"]
[Date "2006.08.01"]
[Round "4"]
[White "Polak,T"]
[Black "Guliyev,N"]
[Result "1/2-1/2"]
[WhiteElo "2473"]
[BlackElo "2543"]

1.d4 d5 2.c4 dxc4 3.e4 e5 4.Nf3 exd4 5.Bxc4 Bb4+ 6.Nbd2 Nc6 7.O-O Nf6 8.e5 Nd5
9.a3 Be7 10.Qb3 Na5 11.Qa4+ Nc6 12.Nxd4 Nb6 13.Nxc6 Nxa4 14.Nxd8 Bxd8 15.b3 Nb6
16.Be2 Be7 17.Bf3 c6 18.Ne4 Be6 19.b4 Nc4 20.Bf4 O-O-O 21.Be2 Rd4 22.f3 Rhd8
23.Rfc1 h6 24.Rc3 g5 25.Bg3 b5 26.Bf2 R4d5 27.Bxc4 bxc4 28.Bxa7 Rxe5 29.Bc5 Bxc5+
30.Nxc5 Re2 31.Nxe6 Rdd2 32.Nc5 Rxg2+ 33.Kh1 Rxh2+ 34.Kg1 h5 35.Re1 Rhg2+
36.Kh1 Rh2+ 37.Kg1 Rhg2+  1/2-1/2

[Event "ch-Euro Senior"]
[Site "Davos SUI"]
[Date "2006.08.05"]
[Round "1"]
[White "Arkhangelsky,B"]
[Black "Storkebaum,K"]
[Result "1-0"]
[WhiteElo "2395"]
[BlackElo "2058"]

1.d4 d5 2.c4 dxc4 3.e4 Nf6 4.e5 Nd5 5.Bxc4 e6 6.Nf3 c5 7.O-O Nc6 8.dxc5 Bxc5
9.Qe2 Nb6 10.Rd1 Qc7 11.Bd3 h6 12.Nc3 a6 13.Bf4 Bd7 14.Ne4 Be7 15.Nd6+ Kf8
16.Rac1 Nd5 17.Bg3 g5 18.Be4 h5 19.Bxd5 exd5 20.Nxf7 Be6 21.N3xg5 Qd7 22.Nxe6+ Kxf7
23.Nf4  1-0

[Event "107th Annual US Open"]
[Site "Chicago USA"]
[Date "2006.08.08"]
[Round "4"]
[White "Gurevich,D"]
[Black "Strenzwilk,D"]
[Result "1-0"]
[WhiteElo "2507"]
[BlackElo "2108"]

1.d4 d5 2.c4 dxc4 3.e4 e5 4.Nf3 exd4 5.Qxd4 Qxd4 6.Nxd4 Nf6 7.f3 Bc5 8.Nb5 Na6
9.Bxc4 Be6 10.Bxe6 fxe6 11.a3 c6 12.N5c3 O-O 13.Ke2 Rad8 14.Nd2 Rd7 15.Nb3 Rfd8
16.Bf4 Bb6 17.Rac1 h6 18.Rhd1 Kf7 19.g4 Nc5 20.Nxc5 Bxc5 21.Rxd7+ Rxd7 22.Nb5 b6
23.Nc7 Bd4 24.Rxc6 Bxb2 25.a4 e5 26.Be3 Bd4 27.h4 Bxe3 28.Kxe3 Rd4 29.g5 hxg5
30.hxg5 Nd7 31.g6+ Ke7 32.Re6+ Kd8 33.Ne8 Rxa4 34.Nxg7 Ra2 35.Re8+ Kc7 36.Nh5 Rh2
37.g7 Rxh5 38.g8=Q Rh6 39.Ra8  1-0

[Event "93rd ch-GBR"]
[Site "Swansea WLS"]
[Date "2006.08.11"]
[Round "5"]
[White "Addison,B"]
[Black "Bonafont,P"]
[Result "1-0"]
[WhiteElo "2241"]
[BlackElo "2118"]

1.d4 d5 2.c4 dxc4 3.e4 e5 4.Nf3 exd4 5.Bxc4 Nc6 6.O-O Be6 7.Bxe6 fxe6 8.Qb3 Qd7
9.Qxb7 Rb8 10.Qa6 Rb6 11.Qd3 Bd6 12.a3 Nf6 13.Nbd2 e5 14.Nc4 Rb8 15.b4 Qe6
16.Bd2 O-O 17.Rac1 Nd8 18.Ng5 Qe7 19.f4 Nf7 20.Na5 Rbe8 21.Nc6 Qd7 22.f5 Nxg5
23.Bxg5 Ra8 24.Bxf6 Rxf6 25.Qc4+ Qf7 26.g4 Rh6 27.Kg2 Kf8 28.Qxf7+ Kxf7 29.Kg3 g5
30.fxg6+ Kxg6 31.Rf5 Kg7 32.g5 Rg6 33.Kg4 h5+ 34.Kf3 a5 35.bxa5 Bxa3 36.Rc4 Bd6
37.Nxe5 Re6 38.Nc6 Bxh2 39.Nxd4 Re7 40.Nc6 Rd7 41.e5 Rd1 42.Nd4 Ra7 43.Ne6+ Kg6
44.Rf6+ Kh7 45.g6+  1-0

[Event "93rd ch-GBR"]
[Site "Swansea WLS"]
[Date "2006.08.12"]
[Round "6"]
[White "Lalic,B"]
[Black "Greet,A"]
[Result "1/2-1/2"]
[WhiteElo "2488"]
[BlackElo "2431"]

1.d4 d5 2.c4 dxc4 3.e4 Nc6 4.Nf3 Bg4 5.d5 Ne5 6.Nbd2 e6 7.dxe6 Nxf3+ 8.gxf3 Bxe6
9.Bxc4 Bxc4 10.Nxc4 Qxd1+ 11.Kxd1 Ne7 12.Ke2 Nc6 13.Rd1 Rd8 14.Be3 Be7 15.f4 f5
16.Rxd8+  1/2-1/2

[Event "93rd ch-GBR"]
[Site "Swansea WLS"]
[Date "2006.08.14"]
[Round "8"]
[White "Lalic,B"]
[Black "Palliser,R"]
[Result "1-0"]
[WhiteElo "2488"]
[BlackElo "2413"]

1.d4 d5 2.c4 dxc4 3.e4 Nc6 4.Nf3 Bg4 5.d5 Ne5 6.Nbd2 e6 7.Qa4+ Qd7 8.Qxd7+ Nxd7
9.dxe6 Bxe6 10.Nd4 Ne5 11.Nxe6 fxe6 12.Bxc4 Nxc4 13.Nxc4 Nf6 14.f3 O-O-O
15.Ke2 Bc5 16.Be3 Bxe3 17.Kxe3 Rhe8 18.Ne5 Re7 19.Rac1 Nd7 20.Nd3 a5 21.Rc3 b6
22.Rhc1 c5 23.a3 a4 24.Rc4 Kb7 25.Rxa4 b5 26.Ra5 Kb6 27.b4 c4 28.Nb2  1-0

[Event "TCh-Serbia"]
[Site "Zlatibor SCG"]
[Date "2006.08.26"]
[Round "1"]
[White "Solak,D"]
[Black "Paunovic,T"]
[Result "1-0"]
[WhiteElo "2564"]
[BlackElo "2354"]

1.d4 d5 2.c4 dxc4 3.e4 c5 4.d5 Nf6 5.Nc3 e6 6.Nf3 exd5 7.e5 Nfd7 8.Bg5 f6
9.exf6 gxf6 10.Bh4 Qe7+ 11.Be2 Nb6 12.O-O Nc6 13.Nxd5 Nxd5 14.Qxd5 Be6 15.Qe4 O-O-O
16.Bxc4 Bxc4 17.Qxc4 Nd4 18.Rfe1 Nxf3+ 19.gxf3 Rd4 20.Qb5 Qg7+ 21.Bg3 Bd6
22.Rac1 Rd8 23.Qxc5+  1-0

[Event "TCh-Serbia"]
[Site "Zlatibor SCG"]
[Date "2006.08.26"]
[Round "1"]
[White "Popov,Si1"]
[Black "Radulski,J"]
[Result "0-1"]
[WhiteElo "2478"]
[BlackElo "2472"]

1.d4 d5 2.c4 dxc4 3.e4 e5 4.Nf3 Bb4+ 5.Bd2 Bxd2+ 6.Nbxd2 exd4 7.Bxc4 Nc6
8.Nb3 Nge7 9.Nbxd4 O-O 10.O-O Bg4 11.Be2 Re8 12.Re1 Nxd4 13.Nxd4 Bxe2 14.Nxe2 Nc6
15.Nc3 Nd4 16.Nd5 Ne6 17.Qg4 c6 18.Ne3 Qd4 19.Nf5 Qxb2 20.Rab1 Qc3 21.Rec1 Qa3
22.e5 Rad8 23.Re1 b6 24.Rb3 Qxa2 25.Rg3 Qd2 26.Rf1 g6 27.Nd6 Nd4 28.Re3 h5
29.Qg5 Ne6 30.Qh6 Rxd6 31.exd6 Qxd6 32.Re2 Rd8 33.Rfe1 c5 34.g4 Qf8 35.Qxf8+ Kxf8
36.gxh5 gxh5 37.Re5 h4 38.R1e4 h3 39.f4 Rd2 40.Rh5 Rg2+ 41.Kf1 Rg4 42.Rxh3 Ng5
43.Rh8+ Kg7 44.Ree8 Rxf4+ 45.Kg2 Ne6 46.h4 c4 47.Kg3 Rf1 48.h5 c3 49.h6+ Kf6
50.Rc8 Nc5 51.Rc6+ Kf5 52.Rf8 Rh1 53.Rxf7+ Ke5 54.Rf4 c2 55.Rc4 c1=Q 56.Rxc1 Rxc1
57.Kg2 Rd1  0-1

[Event "TCh-Serbia"]
[Site "Zlatibor SCG"]
[Date "2006.08.28"]
[Round "3"]
[White "Popov,Si1"]
[Black "Paunovic,T"]
[Result "1-0"]
[WhiteElo "2478"]
[BlackElo "2354"]

1.d4 d5 2.c4 dxc4 3.e4 e5 4.Nf3 Bb4+ 5.Bd2 Bxd2+ 6.Nbxd2 exd4 7.Bxc4 Nc6
8.O-O Qf6 9.b4 Nge7 10.b5 Ne5 11.Nxe5 Qxe5 12.Nf3 Qd6 13.Qxd4 Qxd4 14.Nxd4 Bd7
15.f4 c5 16.Nf3 f6 17.e5 O-O-O 18.e6 Be8 19.g4 h5 20.g5 Bg6 21.Rad1 Be4 22.gxf6 gxf6
23.Kf2 Bf5 24.Rg1 Rxd1 25.Rxd1 Rd8 26.Rg1 Bg4 27.h3 Bxh3 28.Rg7 Nf5 29.Rg6 Rf8
30.Nd2 Kd8 31.Ne4 Ke7 32.Ng3 Rd8 33.Nxf5+ Bxf5 34.Rg7+ Kd6 35.Rf7 a6 36.bxa6 bxa6
37.Rxf6 Bg4 38.Rf7 Re8 39.Rd7+ Kc6 40.Bd5+ Kb5 41.Rb7+ Ka5 42.e7 Bc8 43.Bc6 Rh8
44.Rb8  1-0